African revolutionary : the life and times of Nigeria’s Aminu Kano (Record no. 27047)

MARC details
000 -LEADER
fixed length control field 00561nam a2200181Ia 4500
020 ## - INTERNATIONAL STANDARD BOOK NUMBER
ISBN 090413007 X
050 ## - CALL MARK
Classification number DT 515.77 .K36/
100 ## - STATEMENT OF RESPONSIBILITY--MAIN AUTHOR NAME
Personal name Feinstein, Alan
245 #0 - TITLE STATEMENT
Title African revolutionary : the life and times of Nigeria’s Aminu Kano
260 ## - PUBLICATION, DISTRIBUTION, ETC. (IMPRINT)
Place of publication England
260 ## - PUBLICATION, DISTRIBUTION, ETC. (IMPRINT)
Name of publisher Davison Publication Limited
260 ## - PUBLICATION, DISTRIBUTION, ETC. (IMPRINT)
Year of publication 1973
300 ## - PHYSICAL DESCRIPTION
Number of Pages 299 p
650 ## - SUBJECT ADDED ENTRY--TOPICAL TERM
Topical Term Kano, Aminu, 1920- Politicians--Nigeria--Biography. Nigeria--Politics and government.
942 ## - ADDED ENTRY ELEMENTS (KOHA)
Koha item type Books
Holdings
Withdrawn status Lost status Source of classification or shelving scheme Damaged status Not for loan Permanent Location Current Location Date acquired Full call number Accession Number Price effective from Koha item type
    Library of Congress Classification     NILE UNIVERSITY OF NIGERIA - MAIN LIBRARY NILE UNIVERSITY OF NIGERIA - MAIN LIBRARY 04/23/2025 DT 515.77 .K36 0187250 04/23/2025 Books